Advances in Applied Probability

Saved in:

Format: Journal

Language: Undetermined

Published: JSTOR
Applied Probability Trust

Subjects:

Online Access: Login to view Source

Tags: Add Tag

No Tags, Be the first to tag this record!

Call Number:

LEADER 00490nas a2200157Ia 4500
008 220214c99999999xx |||||||||||| ||und||
022 |a يناير-78 
245 0 0 |a Advances in Applied Probability 
264 1 |b JSTOR 
264 1 |b Applied Probability Trust 
362 0 |a Vol. 1(1969)-49 (2017) 
653 1 0 |a Statistics 
856 4 0 |u https://www.jstor.org/journal/advaapplprob 
942 |c JL 
952 |0 0  |1 0  |4 0  |7 1  |9 33658  |a JSR  |b JSR  |d 2022-02-14  |l 0  |r 2022-02-14 00:00:00  |w 2022-02-14  |y JL 
999 |c 41992  |d 41992